[Event "Open"]
[Site "Lisbon POR"]
[Date "2001.08.29"]
[Round "9"]
[White "Almagro Llanas,P"]
[Black "Fargere,J"]
[Result "1/2-1/2"]
[WhiteElo "2272"]
[BlackElo "2051"]

1.e4 d6 2.d4 g6 3.Nc3 Bg7 4.Be3 Nf6 5.f3 O-O 6.Qd2 Nbd7 7.Bc4 Re8 8.Nge2 c6
9.h4 Nb6 10.Bb3 d5 11.h5 Nxh5 12.g4 Nf6 13.Bh6 Bh8 14.O-O-O dxe4 15.Nxe4 Nxe4
16.fxe4 e5 17.Ng3 Bxg4 18.Rdf1 Be6 19.Bg5 Qd7 20.Qh2 f6 21.Bxf6 Bxb3 22.axb3 Bxf6
23.Rxf6 Qg7 24.Rhf1 Rf8 25.dxe5 Nd7 26.Nf5 gxf5 27.Rxf8+ Qxf8 28.Rh1 Qe7
29.exf5 Qg5+ 30.Kb1 Qxf5 31.e6 Nf6 32.Rg1+ Kh8 33.e7 Re8 34.Qh6 Nh5 35.Rg5 Qf1+
36.Ka2 Rxe7 37.Qxh5 Qa6+ 38.Ra5 Qe2 39.Qf5 h6 40.Rxa7 Qe6 41.Qxe6 Rxe6 42.Rxb7 h5
43.Rd7 h4 44.Ka3 h3 45.Rd2 Kg7 46.c4 Rh6 47.Rh2 Kf6 48.b4 Ke5 49.Ka4 Kd6
50.b5 c5 51.b4 Rh4 52.Kb3 Rh8 53.Kc3 Rh4 54.Kb3 Rh8 55.Rd2+ Kc7 56.Rd1 h2
57.Rh1 Rh3+ 58.Ka4 Kb6 59.bxc5+ Kxc5 60.b6 Kxb6 61.Kb4 Kc6 62.c5 Kd5 63.c6 Kxc6
64.Kc4 Kb6 65.Rb1+ Kc7 66.Rh1 Kc6 67.Kd4 Kb5 68.Ke4 Kc4 69.Kf4 Kd3 70.Kg4 Rh8
71.Kg3 Ke3 72.Re1+ Kd2 73.Rh1 Ke3  1/2-1/2

[Event "1st Open"]
[Site "St-Chely d'Aubrac FRA"]
[Date "2001.08.29"]
[Round "6"]
[White "Flear,C"]
[Black "Pira,D"]
[Result "0-1"]
[WhiteElo "2146"]
[BlackElo "2432"]

1.d4 d6 2.e4 g6 3.Nc3 Bg7 4.Be3 Nd7 5.Nf3 a6 6.a4 b6 7.Bc4 e6 8.Qd2 h6 9.O-O-O Bb7
10.d5 e5 11.Kb1 Ngf6 12.h3 Nc5 13.Bxc5 bxc5 14.Nh2 Bc8 15.Nf1 h5 16.Ne3 Bh6
17.Qe2 h4 18.Ng4 Nxg4 19.hxg4 Qg5 20.f3 Qf6 21.g3 hxg3 22.Qg2 Bf4 23.Rxh8+ Qxh8
24.Rh1 Qg8 25.Rh4 Bd7 26.Qh1 Ke7 27.Rh7 g2 28.Qh4+ g5  0-1

[Event "EYCC B18"]
[Site "Halkidiki GRE"]
[Date "2001.08.31"]
[Round "1"]
[White "Kosintseva,T"]
[Black "Koukoufikis,A"]
[Result "1-0"]
[WhiteElo "2390"]
[BlackElo "2136"]

1.e4 d6 2.d4 g6 3.Nc3 Bg7 4.Be3 a6 5.f4 Nf6 6.Be2 O-O 7.Bf3 Nbd7 8.Nge2 e5
9.O-O b5 10.Ng3 Bb7 11.Qd2 exd4 12.Bxd4 Bh6 13.a4 b4 14.Nd5 c5 15.Nxf6+ Nxf6
16.Bxf6 Qxf6 17.e5 dxe5 18.Bxb7 Ra7 19.Bf3 exf4 20.Ne4 Qxb2 21.Nxc5 Bg7 22.Rad1 Rc8
23.Nd3 Qxc2 24.Qxc2 Rxc2 25.Nxb4 Rc4 26.Nc6 Rc7 27.Rd8+ Bf8 28.Ne5 Rc8 29.Rxc8 Rxc8
30.Bb7 Rc5 31.Nd3 Rc4 32.Rxf4 Bc5+ 33.Kf1 Bd4 34.a5  1-0

[Event "3rd Open"]
[Site "Glyfada GRE"]
[Date "2001.09.02"]
[Round "3"]
[White "Kolani,L"]
[Black "Petrov,M"]
[Result "0-1"]
[WhiteElo "2229"]
[BlackElo "2463"]

1.d4 g6 2.e4 Bg7 3.Nc3 d6 4.Bg5 a6 5.Qd2 b5 6.a4 b4 7.Nd1 Nf6 8.Bd3 c5 9.c3 Nc6
10.Ne2 d5 11.e5 Ne4 12.Bxe4 dxe4 13.Ne3 bxc3 14.bxc3 f6 15.exf6 exf6 16.Qc2 O-O
17.Qxe4 Bb7 18.Qe6+ Kh8 19.Bf4 cxd4 20.cxd4 Nxd4 21.Qc4 Qa5+ 22.Kf1 Nxe2
23.Qxe2 f5 24.Qe1 Bc3 25.Qb1 Be4 26.Qa2 g5 27.Bd6 Rfd8 28.Be7 Rd2 29.Qa3 Qe5
30.Re1 f4 31.Bxg5 fxe3 32.Bxe3 Bxg2+ 33.Kxg2 Qe4+  0-1

[Event "EYCC B18"]
[Site "Halkidiki GRE"]
[Date "2001.09.02"]
[Round "3"]
[White "D'Costa,L"]
[Black "Lagowski,P"]
[Result "0-1"]
[WhiteElo "2155"]
[BlackElo "2346"]

1.d4 g6 2.e4 Bg7 3.Nc3 d6 4.Be3 e5 5.Nf3 Nc6 6.Bb5 exd4 7.Nxd4 Bd7 8.Qd2 Nf6
9.O-O-O O-O 10.f3 Nxd4 11.Bxd4 Be6 12.Kb1 a6 13.Be2 b5 14.g4 c5 15.Be3 b4
16.Na4 Qa5 17.b3 Rfd8 18.g5 Ne8 19.f4 Bd7 20.Nb2 Bb5 21.Nc4 Bxc4 22.Bxc4 Nc7
23.a4 Nb5 24.Kc1 Nc3 25.Rdf1 Ra7 26.Qd3 Re8 27.f5 Rxe4 28.fxg6 hxg6 29.Qxd6 Na2+
30.Kb1 Nc3+ 31.Kc1 Na2+ 32.Kb1 Nc3+ 33.Kc1 Na2+ 34.Kd2 Ree7 35.Qxc5 Qd8+
36.Bd3 Rac7 37.Qb6 Re6 38.a5 Rxb6 39.axb6 Rd7 40.h4 Bc3+  0-1

[Event "ADCF Masters"]
[Site "Abu Dhabi UAE"]
[Date "2001.09.03"]
[Round "9"]
[White "Rizouk,A"]
[Black "Dzhumaev,M"]
[Result "1-0"]
[WhiteElo "2442"]
[BlackElo "2497"]

1.e4 g6 2.d4 Bg7 3.Nc3 d6 4.Be3 c6 5.Qd2 b5 6.Nf3 Nd7 7.Bd3 Qc7 8.O-O Ngf6
9.h3 O-O 10.Rfe1 e5 11.dxe5 dxe5 12.b4 Bb7 13.a4 a5 14.Reb1 axb4 15.Rxb4 Rfc8
16.Rbb1 bxa4 17.Bc4 a3 18.Ng5 Rf8 19.Qd3 Bc8 20.Rb3 h6 21.Nxf7 Rxf7 22.Bxf7+ Kxf7
23.Qc4+ Kf8 24.Nb5 Qb8 25.Na7 Qc7 26.Nb5 Qb8 27.Na7 Qc7 28.Raxa3 Ne8 29.Nb5 Qb7
30.Nd4 Rxa3 31.Ne6+ Ke7 32.Rxb7 Ra1+ 33.Kh2 Bxb7 34.Nxg7 Nxg7 35.Qb4+ c5
36.Qxb7 Ne6 37.Bxh6 g5 38.Qc8 Nf6 39.Qb8 Ra4 40.f3 Nd7 41.Qg8 c4 42.Bxg5+ Kd6
43.h4 Rb4 44.Qe8 Rb6 45.Qe7+  1-0

[Event "III Sants Hostafrancs Open"]
[Site "Barcelona ESP"]
[Date "2001.09.03"]
[Round "3"]
[White "Catalan Escale,E"]
[Black "Gual Pascual,A"]
[Result "0-1"]
[WhiteElo "2115"]
[BlackElo "2400"]

1.e4 d6 2.d4 g6 3.Nc3 Bg7 4.Bg5 c6 5.Qd2 b5 6.g3 h6 7.Be3 Nf6 8.Bg2 Ng4 9.Nge2 Nxe3
10.Qxe3 e5 11.O-O O-O 12.Rad1 Qb6 13.Qd2 Ba6 14.b4 Bb7 15.dxe5 dxe5 16.a4 Na6
17.axb5 Rfd8 18.Qc1 Nxb4 19.bxc6 Bxc6 20.Qb2 a5 21.Nc1 Rdb8 22.N3a2 Qc5 23.Rd2 a4
24.Nxb4 Qxb4 25.Qxb4 Rxb4 26.Nd3 Rd4 27.f3 a3 28.Ra1 f5 29.Nf2 Bf8 30.Bf1 Rb4
31.c3 Rba4 32.Nd3 Rd8 33.Rda2 fxe4 34.Nxe5 Bc5+ 35.Kh1 Ba8 36.fxe4 Rxe4  0-1

[Event "III Sants Hostafrancs Open"]
[Site "Barcelona ESP"]
[Date "2001.09.05"]
[Round "5"]
[White "Scavo,F"]
[Black "Gual Pascual,A"]
[Result "0-1"]
[WhiteElo "2256"]
[BlackElo "2400"]

1.e4 d6 2.d4 g6 3.Nc3 Bg7 4.Be3 a6 5.Qd2 b5 6.f3 Nd7 7.a4 b4 8.Nd1 a5 9.c3 bxc3
10.bxc3 Ngf6 11.Bd3 O-O 12.Ne2 c6 13.O-O e5 14.Nb2 d5 15.Bg5 Qc7 16.Rab1 Re8
17.exd5 Nxd5 18.Nc4 Ba6 19.Rfe1 exd4 20.cxd4 Nb4 21.Nb2 Nxd3 22.Nxd3 c5 23.Bf4 Qa7
24.Nxc5 Nxc5 25.dxc5 Qxc5+ 26.Kf1 Rad8 27.Qc1 Qe7  0-1

[Event "TCh-YUG"]
[Site "Herceg Novi YUG"]
[Date "2001.09.05"]
[Round "3"]
[White "Kalezic,B"]
[Black "Pikula,D"]
[Result "1-0"]
[WhiteElo "2462"]
[BlackElo "2458"]

1.e4 g6 2.d4 d6 3.Nc3 Bg7 4.Be3 a6 5.Qd2 b5 6.f3 Nd7 7.Nge2 Bb7 8.g4 h5 9.g5 e6
10.h4 Ne7 11.Bh3 O-O 12.Ng3 d5 13.Nce2 c5 14.c3 Qc7 15.e5 b4 16.f4 bxc3 17.Qxc3 Rfc8
18.Qd2 Nb6 19.b3 c4 20.Kf2 a5 21.Rhg1 Ba6 22.Rac1 Qd8 23.Nxh5 gxh5 24.Ng3 cxb3
25.axb3 Rxc1 26.Rxc1 a4 27.Nxh5 axb3 28.Nf6+ Kh8 29.Qd1 Bxf6 30.Qh5+ Kg8
31.Bxe6 fxe6 32.gxf6 Bd3 33.Rg1+ Ng6 34.Rxg6+ Bxg6 35.Qxg6+ Kf8 36.Qg7+ Ke8
37.f7+ Kd7 38.f8=Q+  1-0

[Event "FSIMA September"]
[Site "Budapest HUN"]
[Date "2001.09.06"]
[Round "6"]
[White "Sinkovics,P"]
[Black "Resika,N"]
[Result "1-0"]
[WhiteElo "2301"]
[BlackElo "2203"]

1.d4 g6 2.e4 Bg7 3.Nc3 d6 4.Be3 a6 5.Qd2 Nd7 6.f3 b5 7.g4 Bb7 8.h4 h5 9.g5 e6
10.Nh3 Ne7 11.O-O-O O-O 12.Nf4 Nb6 13.Bd3 d5 14.Qf2 b4 15.Nce2 a5 16.Ng3 c5
17.Ngxh5 gxh5 18.Nxh5 c4 19.Be2 dxe4 20.d5 Nexd5 21.fxe4 Bxb2+ 22.Kxb2 Na4+
23.Ka1 Nxe3 24.Qxe3 Qb6 25.Qf4 b3 26.Qf6 b2+ 27.Kb1  1-0

[Event "TCh-YUG"]
[Site "Herceg Novi YUG"]
[Date "2001.09.06"]
[Round "4"]
[White "Kalezic,B"]
[Black "Lazic,Mi"]
[Result "1/2-1/2"]
[WhiteElo "2462"]
[BlackElo "2465"]

1.e4 g6 2.d4 Bg7 3.Nc3 d6 4.Be3 a6 5.Qd2 b5 6.h4 Bb7 7.f3 h6 8.Nge2 Nd7 9.h5 g5
10.d5 e6 11.Nd4 Qf6 12.a4 b4 13.Nd1 exd5 14.Qxb4 Rb8 15.Qa5 c5 16.Nf5 dxe4
17.fxe4 Bxe4 18.Nxg7+ Qxg7 19.Bxa6 Ngf6 20.O-O O-O 21.Qd2 d5 22.c3 Ng4 23.Be2 Nxe3
24.Nxe3  1/2-1/2

[Event "9th Asian Women"]
[Site "Chennai IND"]
[Date "2001.09.09"]
[Round "8"]
[White "Sergeeva,M"]
[Black "Khegai,A"]
[Result "1-0"]
[WhiteElo "2327"]
[BlackElo "2235"]

1.e4 g6 2.d4 Bg7 3.Nc3 d6 4.f4 Nf6 5.Nf3 c5 6.dxc5 Qa5 7.Bd3 Qxc5 8.Qe2 O-O
9.Be3 Qa5 10.O-O Nc6 11.Kh1 Bg4 12.h3 Bd7 13.Rae1 Nh5 14.Qf2 e5 15.f5 Nf4
16.Qg3 Nxd3 17.cxd3 Qd8 18.Nd5 Kh8 19.Ng5 f6 20.Nxh7 gxf5 21.Nxf8 Qxf8 22.exf5 Qf7
23.Nc7 Rd8 24.Qh4+ Kg8 25.Bh6 Nd4 26.Bxg7 Kxg7 27.Ne6+ Bxe6 28.fxe6 Nxe6
29.Re3 f5 30.Rg3+ Kf8 31.Rxf5 Qxf5 32.Rf3 Qxf3 33.gxf3 Ke8 34.Qf6 Nf4 35.d4 Nd5
36.Qe6+ Ne7 37.dxe5 d5 38.f4 d4 39.f5 Kf8 40.Qf6+ Ke8 41.e6  1-0

[Event "ch-UKR"]
[Site "Ordzhonikidze UKR"]
[Date "2001.09.09"]
[Round "2"]
[White "Maximov,D"]
[Black "Firman,N"]
[Result "0-1"]
[WhiteElo "2408"]
[BlackElo "2511"]

1.e4 g6 2.d4 Bg7 3.Nc3 d6 4.f4 Nf6 5.Nf3 O-O 6.Be2 c5 7.d5 b5 8.e5 dxe5 9.fxe5 Ng4
10.Bxb5 Nd7 11.O-O Ndxe5 12.h3 Nxf3+ 13.Qxf3 Ne5 14.Qe2 a6 15.Ba4 Bd7 16.Bxd7 Nxd7
17.Ne4 Qb6 18.Kh1 Nf6 19.Nxf6+ Bxf6 20.c4 Bg7 21.Qxe7 Rae8 22.Qd7 Re2 23.Qg4 Rfe8
24.Qf3 f5 25.Rb1 h6 26.a3 g5 27.b4 a5 28.Rb3 cxb4 29.axb4 axb4 30.Rd3 Re1
31.d6 Rxf1+ 32.Qxf1 b3 33.d7 Rd8 34.Be3 Qb7 35.Qxf5 b2 36.Rd1 Rxd7 37.Rb1 Re7
38.Rd1 Rd7 39.Rb1 Qc6 40.Qf1 Qe4 41.Bg1 Rd3 42.Re1 Rxh3+ 43.Bh2 Rxh2+ 44.Kxh2 Qh4+  0-1

[Event "TCh-CRO"]
[Site "Pula CRO"]
[Date "2001.09.10"]
[Round "1"]
[White "Palac,M"]
[Black "Nikolac,J"]
[Result "1-0"]
[WhiteElo "2578"]
[BlackElo "2448"]

1.e4 d6 2.d4 g6 3.Nc3 Bg7 4.f4 c6 5.Nf3 b5 6.Bd3 Bg4 7.e5 Nh6 8.h3 Bf5 9.Bxf5 gxf5
10.a4 b4 11.Ne2 Na6 12.Ng3 Nc7 13.Qd3 Qd7 14.Nh4 e6 15.Nh5 f6 16.exd6 Nd5
17.c4 bxc3 18.bxc3 Rb8 19.O-O O-O 20.Rf3 Qf7 21.Nxg7 Kxg7 22.c4 Nb4 23.Qd2 Kh8
24.Ba3 a5 25.Rb3 Qh5 26.g3 Rg8 27.Kh2 Nf7 28.c5 Nd5 29.Rab1 Rxb3 30.Rxb3 Nd8
31.Rf3 Nb7 32.Qe1 Qf7 33.Bc1 Ra8 34.Bd2 Qd7 35.Ng2 Nd8 36.Rb3 Qa7 37.Qe2 Kg7
38.g4 fxg4 39.hxg4 Qf7 40.Rh3 f5 41.g5 Kg8 42.Nh4 Qg7 43.Qe5 Rb8 44.Qxg7+ Kxg7
45.Bxa5 Rb2+ 46.Kg3  1-0

[Event "President's Cup"]
[Site "Abudhabi UAE"]
[Date "2001.09.13"]
[Round "2"]
[White "Tareq,H"]
[Black "Nawaf,F"]
[Result "1-0"]
[WhiteElo "2155"]
[BlackElo "2125"]

1.e4 g6 2.d4 Bg7 3.Nc3 d6 4.Be3 Nd7 5.Qd2 e5 6.dxe5 dxe5 7.O-O-O Ne7 8.g4 O-O
9.Bc4 c6 10.h4 Qc7 11.f3 b5 12.Bb3 a5 13.a4 bxa4 14.Nxa4 Rb8 15.h5 Rd8 16.hxg6 hxg6
17.Bg5 Re8 18.Qh2 Nf8 19.Bh6 Rxb3 20.Bxg7 f6 21.Qh8+ Kf7 22.Bxf8 Rxf8 23.Qh7+ Ke8  1-0

[Event "6th ECCW"]
[Site "Belgrade YUG"]
[Date "2001.09.16"]
[Round "1"]
[White "Gaponenko,I"]
[Black "Petrovic,Ma"]
[Result "1-0"]
[WhiteElo "2404"]
[BlackElo "2244"]

1.e4 g6 2.d4 Bg7 3.Nc3 d6 4.f4 a6 5.a4 b6 6.Nf3 Bb7 7.Be2 Nf6 8.e5 dxe5 9.dxe5 Qxd1+
10.Bxd1 Nd5 11.Nxd5 Bxd5 12.Be3 Nc6 13.Be2 Nb4 14.O-O-O Be4 15.Rd4 Bxc2 16.Rxb4 Bf5
17.h3 O-O 18.Rd1 b5 19.axb5 axb5 20.Rxb5 h6 21.Nd4 Bc8 22.Rc5 g5 23.fxg5 hxg5
24.Bxg5 f6 25.exf6 exf6 26.Bf4 f5 27.Bc4+ Kh8 28.Kc2 Ra4 29.Kb3 Ra7 30.Rxc7 Rxc7
31.Bxc7 Re8 32.Nf3 Bf6 33.Re1 Rxe1 34.Nxe1 Kg7 35.Bd5 Ba6 36.Kc2 Be7 37.Be5+ Kg6
38.Nd3 Kg5 39.Kc3 Bb5 40.Nf4 Kh6 41.Ne6 Kg6 42.Nd4 Bf1 43.b4 Bh4 44.g3 Bd8
45.h4 Bb6 46.Bc6  1-0

[Event "6th ECCW"]
[Site "Belgrade YUG"]
[Date "2001.09.17"]
[Round "2"]
[White "Grosar,K"]
[Black "Ivanovic,J"]
[Result "1-0"]
[WhiteElo "2220"]
[BlackElo "2061"]

1.e4 g6 2.d4 Bg7 3.Nc3 d6 4.Be3 a6 5.Qd2 Nd7 6.O-O-O b5 7.g4 Nb6 8.f3 Nf6
9.Bh6 Bxh6 10.Qxh6 b4 11.Nb1 Bb7 12.Nh3 e6 13.Bd3 Qe7 14.Rhe1 O-O-O 15.Nd2 c5
16.Qe3 Qc7 17.Qe2 a5 18.e5 dxe5 19.dxc5 Na4 20.c6 Bxc6 21.Ba6+ Kb8 22.Bb5 Nd5
23.Nb3 Nac3 24.bxc3 Nxc3 25.Rxd8+ Rxd8 26.Qc4 Bxb5 27.Qxc7+ Kxc7 28.Nxa5 f6
29.g5 f5 30.Nf2 Rd5 31.Nb3 Nxa2+ 32.Kb2 Nc3 33.Nc1 Rd2 34.Nfd3 Bxd3 35.Nxd3 e4
36.Nxb4 Nd5 37.Na6+ Kb6 38.fxe4 Kxa6 39.exd5 exd5 40.Rh1 Kb5 41.h4 Rg2 42.Kc3 Kc5
43.Kd3 Rg3+ 44.Ke2 Kc4 45.Ra1 Rh3 46.Ra7 Rh2+ 47.Kf3 Rxc2 48.Rxh7 Rc3+ 49.Kf4 Rh3
50.h5 gxh5 51.g6 Rh1 52.Rxh5 Rf1+ 53.Ke5 d4 54.Kf6 Ra1 55.g7 Ra6+ 56.Kxf5 Ra5+
57.Kg4  1-0

[Event "6th ECCW"]
[Site "Belgrade YUG"]
[Date "2001.09.17"]
[Round "2"]
[White "Polovnikova,E"]
[Black "Foisor,C"]
[Result "1/2-1/2"]
[WhiteElo "2368"]
[BlackElo "2423"]

1.e4 d6 2.d4 g6 3.Nc3 Bg7 4.Bg5 c6 5.Qd2 Qa5 6.f4 Na6 7.e5 f6 8.exf6 exf6
9.Bh4 Bf5 10.Bc4 Ne7 11.O-O-O d5 12.Be2 Kf7 13.g4 Bd7 14.Bg3 b5 15.Nf3 Rhe8
16.f5 gxf5 17.g5 Ng6 18.gxf6 Bxf6 19.Qh6 Kg8 20.Be5 Rxe5 21.Nxe5 Bg7 22.Qh5 Nxe5
23.dxe5 Qc7 24.Bd3 Qxe5 25.Rde1 Qf6 26.Rhg1 Kh8 27.Ref1 Rf8 28.Rf3 Qh6+ 29.Qxh6 Bxh6+
30.Kb1 Nc5 31.Ne2 Nxd3 32.cxd3 Re8 33.Nf4 Bxf4 34.Rxf4 a5 35.Rff1 Re3 36.Kc2 Re2+
37.Kc1 Re3 38.Kd2 d4 39.Rg3 Re5 40.Rgg1 Re3 41.Rg3 Re5 42.Rgg1  1/2-1/2

[Event "6th ECCW"]
[Site "Belgrade YUG"]
[Date "2001.09.18"]
[Round "3"]
[White "Khurtsidze,N"]
[Black "Petrovic,Ma"]
[Result "1-0"]
[WhiteElo "2446"]
[BlackElo "2244"]

1.e4 g6 2.d4 Bg7 3.Nc3 d6 4.Nge2 e5 5.Be3 Nc6 6.Qd2 a6 7.O-O-O h6 8.f4 Nf6
9.h3 Qe7 10.dxe5 dxe5 11.Nd5 Nxd5 12.exd5 exf4 13.Bxf4 Ne5 14.Nd4 O-O 15.Bxh6 Bd7
16.Bxg7 Kxg7 17.Be2 Rfe8 18.h4 Rh8 19.h5 gxh5 20.Qc3 Qd6 21.Bxh5 Rag8 22.g4 Kf8
23.Rhf1 Rh7 24.Ne6+ Ke7 25.Nc5 f6 26.Nxb7 Qb6 27.Qa3+  1-0

[Event "Boca Open"]
[Site "Buenos Aires ARG"]
[Date "2001.09.18"]
[Round "2"]
[White "Perez Pietronave,C"]
[Black "Ginzburg,Ma"]
[Result "1/2-1/2"]
[WhiteElo "2280"]
[BlackElo "2427"]

1.e4 g6 2.d4 Bg7 3.Nc3 d6 4.f4 Nf6 5.Nf3 O-O 6.Bd3 Na6 7.O-O c5 8.d5 Nc7
9.a4 a6 10.a5 Rb8 11.Bd2 e6 12.dxe6 Bxe6 13.Ng5 Bg4 14.Qe1 h6 15.Qh4 Bd7
16.Nf3 d5 17.e5 Nh7 18.Qg3 c4 19.Be2 Bf5 20.Nd4 f6 21.Rad1 Qe7 22.Nxf5 gxf5
23.e6 Qxe6 24.Rfe1 Qf7 25.Be3 Kh8 26.Qh3 Rfd8 27.Bh5 Qd7 28.Bg6 Nf8 29.Bxf5 Qf7
30.Bb6 Re8 31.Bg4 Rxe1+ 32.Rxe1 Re8 33.Qg3 f5 34.Bf3 d4 35.Rxe8 Nxe8 36.Nd5 Nd6
37.Qe1 Ne6 38.h3 Qd7 39.Kh2 Nb5 40.g4 fxg4 41.Bxg4 Qxd5 42.Qxe6 Qxe6 43.Bxe6 d3
44.cxd3 cxd3 45.Be3 Nd6 46.Bd2 Bxb2 47.Bd5 Kg7 48.Kg2 Bd4 49.Kf3 Kf6 50.Bb4 Nb5
51.Bxb7 Nc3 52.Bxc3 Bxc3 53.Bxa6 d2 54.Be2 Bxa5 55.Kg4 Bc7 56.f5 Bd6 57.Bd1  1/2-1/2

[Event "6th ECCW"]
[Site "Belgrade YUG"]
[Date "2001.09.19"]
[Round "4"]
[White "Savic,Ma"]
[Black "Foisor,C"]
[Result "0-1"]
[WhiteElo "2180"]
[BlackElo "2423"]

1.e4 d6 2.d4 g6 3.Nc3 Bg7 4.Nf3 c6 5.a4 Nd7 6.Be3 Qc7 7.a5 Ngf6 8.h3 O-O
9.Be2 Rb8 10.O-O b5 11.axb6 axb6 12.Nd2 b5 13.f4 b4 14.Na4 Bb7 15.Bf3 c5
16.dxc5 dxc5 17.Qe2 Rfc8 18.Rfd1 e6 19.c4 e5 20.g3 Bf8 21.fxe5 Nxe5 22.Bf4 Bd6
23.Bg2 Re8 24.Nb3 Rbd8 25.Qf2 Nxe4 26.Bxe4 Bxe4 27.Naxc5 Bc6 28.Bxe5 Rxe5
29.Rd3 Rf5 30.Qe1 Rxc5  0-1

[Event "6th ECCW"]
[Site "Belgrade YUG"]
[Date "2001.09.20"]
[Round "5"]
[White "Strutinskaya,G"]
[Black "Bogza,A"]
[Result "1/2-1/2"]
[WhiteElo "2361"]
[BlackElo "2290"]

1.d4 g6 2.e4 Bg7 3.Nc3 d6 4.Be3 Nf6 5.Be2 c6 6.Qd2 Qa5 7.h4 h5 8.f3 b5 9.Rd1 O-O
10.a3 Qc7 11.Bh6 Kh7 12.Bf4 e5 13.Be3 a6 14.dxe5 dxe5 15.Qd6 Qxd6 16.Rxd6 Re8
17.Kf2 Bf8 18.Rd2 Kg7 19.Nh3 Bxh3 20.Rxh3 Nbd7 21.g4 Nc5 22.g5 Nh7 23.Rh1 Ne6
24.Rhd1 Be7 25.Bf1 Nhf8 26.Kg3 Red8 27.Bh3 Rxd2 28.Rxd2 a5 29.Ne2 Nc5 30.Bg2 Nfe6
31.f4 exf4+ 32.Nxf4 Rd8 33.Rxd8 Bxd8 34.e5 Bc7 35.Bxc6 Bxe5 36.Bxb5 Bxb2
37.Nxe6+ Nxe6 38.a4 Bc3 39.Bf2 f6 40.gxf6+ Kxf6 41.Kf3 g5 42.hxg5+ Nxg5+
43.Ke3 Ke5 44.Kd3 Bb4 45.c3 Be7 46.Bg3+ Kd5 47.c4+ Ke6 48.Be1 Bd8 49.c5 Nf3
50.Bf2 h4 51.Ke2 Ne5 52.Bd4 Bc7  1/2-1/2

[Event "6th ECCW"]
[Site "Belgrade YUG"]
[Date "2001.09.20"]
[Round "5"]
[White "Stjazhkina,O"]
[Black "Petrovic,Ma"]
[Result "1/2-1/2"]
[WhiteElo "2343"]
[BlackElo "2244"]

1.e4 g6 2.d4 Bg7 3.Nc3 d6 4.Bc4 Nc6 5.Nf3 a6 6.a4 h6 7.O-O Nf6 8.h3 e6 9.Bf4 O-O
10.Qd2 Kh7 11.Rad1 Qe7 12.e5 dxe5 13.dxe5 Nd7 14.Qe2 Qb4 15.Bg3 Qxb2 16.Rd3 Qb4
17.Re3 Nc5 18.Rb1 Qa5 19.Ne4 Nxe4 20.Rxe4 Ne7 21.Bf4 Qc5 22.Bd2 a5 23.Rb5 Qa3
24.Kh2 Qa1 25.Rxa5 Bd7 26.Rxa8 Rxa8 27.a5 Bc6 28.Re3 Nf5 29.Rb3 Bxf3 30.Qxf3 Qxe5+
31.g3 Nd4 32.Qxb7 Nxb3 33.cxb3 Rxa5 34.Bxa5 Qxa5 35.Kg2 Qc5 36.Qf3 Kg8 37.Qa8+ Bf8
38.Qf3 Bd6 39.Qe3 Qb4 40.Qxh6 Qb7+ 41.Kg1 Qf3 42.Qe3 Qxe3 43.fxe3 Bxg3 44.Kg2 Bh4
45.Kf3 Kg7 46.Bb5 Kf6 47.Be8 Ke7 48.Bb5 Be1 49.Bc6 g5 50.e4 f6 51.Bb5 Kd6
52.Bc4 Ke5 53.Bb5 Bb4 54.Bc4 Be7 55.Bb5 Kd6 56.Bc4 Ke5 57.Bb5 f5 58.exf5 exf5
59.Bc4 Kd4 60.Be6 Kc3 61.Bf7 Kd4 62.Be6 Ke5 63.Bc4 Bb4 64.Bg8 Be1 65.Bc4 Bh4
66.Bg8 Kd4 67.Be6 Kc3 68.Kg2 Kc2 69.Kf3 c5 70.Kg2 Kc3 71.Kf3 Be1 72.Kg2 f4
73.Kf3 Kc2 74.Bd5 Bd2 75.Bc4 Be3 76.Bd5  1/2-1/2

[Event "6th ECCW"]
[Site "Belgrade YUG"]
[Date "2001.09.22"]
[Round "7"]
[White "Peptan,C"]
[Black "Ivanovic,J"]
[Result "1-0"]
[WhiteElo "2460"]
[BlackElo "2061"]

1.e4 d6 2.d4 g6 3.Nc3 Bg7 4.Be3 Nd7 5.Qd2 a6 6.h4 h6 7.O-O-O b5 8.f3 Nb6
9.d5 Bb7 10.Bd4 Nf6 11.h5 g5 12.Qf2 Rg8 13.Nge2 Qd7 14.Ng3 b4 15.Nb1 Na4
16.Nf5 e5 17.dxe6 fxe6 18.Nxg7+ Qxg7 19.b3 Nc3 20.Nxc3 bxc3 21.Qe1 Qf7 22.g4 O-O-O
23.Qxc3 Nd7 24.Be2 c5 25.Kb1 Kb8 26.Bg1 Ne5 27.Bxc5  1-0

[Event "TCh-FIN 2001-02"]
[Site "FIN"]
[Date "2001.09.22"]
[Round "1"]
[White "Pulkkinen,K"]
[Black "Lehtinen,H"]
[Result "1/2-1/2"]
[WhiteElo "2317"]
[BlackElo "2351"]

1.e4 g6 2.d4 Bg7 3.Nc3 d6 4.Be3 c6 5.a4 Nf6 6.h3 O-O 7.g4 Qa5 8.Qd2 e5 9.Bg2 exd4
10.Bxd4 d5 11.exd5 Rd8 12.O-O-O cxd5 13.g5 Ne4 14.Nxe4 Qxd2+ 15.Rxd2 dxe4
16.Bxg7 Rxd2 17.Kxd2 Kxg7 18.Bxe4 Na6 19.b3 Nc5 20.Bg2 Bf5 21.Ne2 Ne4+ 22.Bxe4 Bxe4
23.Re1 Rd8+ 24.Kc1 Bf5 25.Rh1 h6 26.h4 Bg4 27.Nc3 Rh8 28.Re1 hxg5 29.hxg5 Rh2
30.Ne4 Bf3 31.Nf6 Rg2 32.Re3 Bc6 33.f4 Rf2 34.Rd3 Kf8 35.Rd4 Ke7 36.Ng4 Rf1+
37.Kd2 Ke6 38.Ne3 Rf2+ 39.Kd3 a6 40.c4 Rb2 41.Kc3 Re2 42.Ng4 Kf5 43.Nh6+ Ke6
44.c5 Re1 45.Rd6+ Ke7 46.Ng8+ Ke8 47.Nf6+ Ke7 48.Nd5+ Ke8 49.Nb4 Bd7 50.Nd3 Rf1
51.Ne5 Be6 52.Rb6 Rxf4 53.Rxb7 Rf5 54.Kd4 Rxg5 55.b4 f6 56.Rb8+ Ke7 57.Rb7+ Ke8
58.Nc6 Rg4+ 59.Kc3 Bd5 60.Re7+ Kf8 61.Rc7 g5 62.Nd4 Rg3+ 63.Kd2 g4 64.b5 axb5
65.axb5 Bc4 66.Nf5 Rg2+ 67.Ke3 Bxb5 68.Rc8+ Kf7 69.Nd6+ Ke6 70.Nxb5 Kd5 71.Nc3+ Kc4
72.Ne2 Rh2 73.c6 Rh7 74.Kf4 Kc5 75.Nc3  1/2-1/2

[Event "Battle of Crete Rapid"]
[Site "Panormo GRE"]
[Date "2001.09.22"]
[Round "9"]
[White "Stisis,Y"]
[Black "Nikolaidis,I"]
[Result "0-1"]
[WhiteElo "2391"]
[BlackElo "2531"]

1.e4 g6 2.d4 Bg7 3.Nc3 d6 4.Bg5 Nc6 5.Nge2 Nf6 6.f3 e5 7.d5 Ne7 8.Qd2 h6
9.Be3 c6 10.Ng3 h5 11.h4 cxd5 12.Bb5+ Bd7 13.Bxd7+ Qxd7 14.exd5 O-O 15.Nge4 Nf5
16.Nxf6+ Bxf6 17.Ne4 Bg7 18.O-O-O Nxe3 19.Qxe3 f5 20.Ng5 Bh6 21.Kb1 Qe7 22.Qa3 Bxg5
23.hxg5 f4 24.Rdg1 Rf5 25.g4 fxg3 26.Rxg3 a6 27.Qb4 Raf8 28.Qe4 Kg7 29.Rhg1 Qf7
30.b3 Rxf3 31.Rxf3 Qxf3 32.Qc4 Rf7 33.a4 Qf2 34.Rd1 Qf4 35.Qc8 Qxg5 36.Qb8 Qg4
37.Rd2 Qb4 38.Rd1 Qg4 39.Rd2 Qd7 40.c4 e4 41.c5 e3 42.Re2 Qf5+ 43.Ka2 Qf2
44.Rxf2 exf2 45.Qxd6 f1=Q 46.c6 Rf2+ 47.Ka3 Qc1+ 48.Kb4 Qf4+ 49.Qxf4 Rxf4+
50.Kc5 bxc6 51.dxc6 a5  0-1

[Event "ECC"]
[Site "Panormo GRE"]
[Date "2001.09.23"]
[Round "1"]
[White "Groszpeter,A"]
[Black "Paehtz,T"]
[Result "1/2-1/2"]
[WhiteElo "2495"]
[BlackElo "2451"]

1.e4 g6 2.d4 Bg7 3.Nc3 d6 4.g3 Nf6 5.Bg2 O-O 6.Nge2 Nc6 7.h3 Rb8 8.O-O Nd7
9.Be3 Na5 10.b3 b5 11.Qd2 c5 12.Rad1 b4 13.Nd5 e6 14.Ndf4 c4 15.h4 Ba6 16.Rfe1 Qc7
17.h5 Nf6 18.hxg6 hxg6 19.f3 Rfd8  1/2-1/2

[Event "European Seniors"]
[Site "Saint Vincent ITA"]
[Date "2001.09.23"]
[Round "9"]
[White "Arkhangelsky,B"]
[Black "Giani,F"]
[Result "1-0"]
[WhiteElo "2416"]
[BlackElo "2151"]

1.d4 d6 2.e4 g6 3.Nc3 Bg7 4.g3 Nf6 5.Bg2 O-O 6.h3 e5 7.Nge2 Nbd7 8.O-O Nb6
9.a4 a5 10.b3 Bd7 11.Bb2 Qc8 12.Kh2 Nh5 13.Nd5 Nxd5 14.exd5 f5 15.f4 e4 16.c4 Nf6
17.Nc3 Re8 18.Qe2 Qd8 19.Nd1 Qe7 20.Ne3 Qf7 21.Qc2 Rac8 22.Bc3 b6 23.b4 Ra8
24.bxa5 bxa5 25.Rfb1 Ra7 26.Rb2 h6 27.Rab1 Bc8 28.Rb8 g5 29.Qf2 Nd7 30.Rxc8 Rxc8
31.fxg5 Rf8 32.Rf1 f4 33.gxf4 hxg5 34.f5 Nf6 35.Rg1 Qh5 36.Bf1 Qf3 37.Qe1 Qf4+
38.Kh1 Kf7 39.Bd2 Rh8 40.Rg3 Nh5 41.Rg4 Qf3+ 42.Bg2 Ng3+ 43.Rxg3 Qh5 44.Bxe4 Bxd4
45.Bc3 Bxc3 46.Qxc3 Qh4 47.Ng4 Kf8 48.f6 Kf7 49.Bf5 Rb7 50.Qe3 Re8 51.Bg6+  1-0

[Event "ch-Africa Playoff"]
[Site "Cairo EGY"]
[Date "2001.09.25"]
[Round "2"]
[White "Rizouk,A"]
[Black "Tissir,M"]
[Result "1/2-1/2"]
[WhiteElo "2442"]
[BlackElo "2383"]

1.e4 d6 2.d4 g6 3.Nc3 Bg7 4.Nf3 Nf6 5.Be2 O-O 6.O-O c6 7.a4 Nbd7 8.h3 e5
9.dxe5 dxe5 10.Qd6 Re8 11.Bc4 h6 12.Be3 Bf8 13.Qd2 g5 14.Rad1 Nh5 15.Nh2 Qf6
16.Be2 Nf4 17.Bg4 Nc5 18.Bxc8 Raxc8 19.Ng4 Qg6 20.Bxf4 gxf4 21.Qe2 a5 22.Nh2 h5
23.Rfe1 Re6 24.Nf3 Be7 25.b3 Kh7 26.Kh1 Rg8 27.Rg1 f5 28.Rde1 Rd8 29.exf5 Qxf5
30.Ne4 Na6 31.Nfg5+ Bxg5 32.Qxh5+ Rh6 33.Nxg5+ Kg7 34.Rxe5 Qxe5 35.Qxh6+ Kxh6
36.Nf7+ Kg7 37.Nxe5 Rd2 38.Rc1 Nb4 39.Nc4 Rd5 40.Kg1 Kf6 41.c3 Nd3 42.Rd1 Nc5
43.Rxd5 cxd5 44.Nxa5 b6 45.Nc6 Nxb3 46.Kf1 Nc5 47.Ke2 Nxa4 48.Kd3 Ke6 49.g3 Nc5+
50.Kd4 f3 51.Ke3 Na4 52.Nd4+ Kd6 53.Kd2 Nc5 54.Nxf3 Ne4+ 55.Kc2 Nxf2 56.h4 Ke6
57.Kb3 Kf5 58.c4 Ke4 59.Ng5+ Ke5 60.cxd5 Kxd5 61.h5 Ke5 62.Kb4 Ng4 63.Kb5 Kf5  1/2-1/2

[Event "ECC"]
[Site "Panormo GRE"]
[Date "2001.09.25"]
[Round "3"]
[White "Kantsler,B"]
[Black "Paehtz,T"]
[Result "0-1"]
[WhiteElo "2524"]
[BlackElo "2451"]

1.d4 g6 2.e4 Bg7 3.Nc3 d6 4.Be3 a6 5.f4 b5 6.Bd3 Bb7 7.Nf3 b4 8.Ne2 Nf6 9.Ng3 Nbd7
10.O-O c5 11.c3 Ng4 12.Bd2 cxd4 13.cxd4 Qb6 14.Ne2 e5 15.Qa4 exd4 16.Rfc1 Bxe4
17.Ne1 a5 18.Ng3 Bd5 19.h3 Nf6 20.Bb5 d3+ 21.Kh2 Qf2 22.Rd1 Ra7 23.Bc6 h5
24.Bxd5 Ng4+ 25.Kh1 Qxg3 26.Nf3 Nf2+ 27.Kg1 Nxh3+ 28.Kh1 Nf2+ 29.Kg1 Nxd1
30.Rxd1 O-O 31.Qc6 Nf6 32.Bc4 Ng4 33.Qxd6 Qf2+ 34.Kh1 h4 35.Qxg6 Qg3 36.Qh5 h3  0-1